000
00324nam a2200133Ia 4500
008
190216s9999||||xx |||||||||||||| ||und||
100
_a
John A. Thorpe
245
0
_a
Elementary Topics In Different Geometry
250
_a
4th Ed.
260
_b
Springer Verlag
_c
1994
300
_a
255
650
_a
Mathematics
942
_c
BK
999
_c
31537
_d
31537